[Event "45th Olympiad 2024"]
[Site "Budapest HUN"]
[Date "2024.09.14"]
[Round "4.11"]
[Board "1"]
[White "Bjerre, Jonas Buhl"]
[Black "Maghsoodloo, Parham"]
[Result "1/2-1/2"]
[WhiteElo "2648"]
[BlackElo "2723"]
[PlyCount "60"]
[EventDate "2024.09.11"]
[WhiteTeam "Denmark"]
[BlackTeam "Iran"]
[WhiteTeamCountry "DEN"]
[BlackTeamCountry "IRI"]

1. e4 e5 2. Nf3 Nc6 3. Bb5 a6 4. Ba4 Nf6 5. O-O Be7 6. d3 b5 7. Bb3 O-O 8. a4 Bb7 9. axb5 axb5 10. Rxa8 Bxa8 11. Nc3 b4 12. Nd5 Na5 13. Nxe7+ Qxe7 14. Ba2 d5 15. exd5 Bxd5 $146 ({RR} 15... b3 16. cxb3 Nxd5 17. Re1 {½-½ Cao,S (2402)-Neelotpal,D (2463) Penang op 8th 2016 (5)}) 16. Bxd5 Nxd5 17. Qe2 Re8 18. Re1 f6 19. Qe4 Qf7 20. Bd2 Nc6 21. Ra1 Rb8 22. Ra6 Qd7 23. Qc4 Nce7 24. Be3 Kh8 25. h3 h6 26. Nd2 Nf5 27. Bc5 Nf4 28. Be3 Nd5 29. Bc5 Nf4 30. Be3 Nd5 1/2-1/2

[Event "45th Olympiad 2024"]
[Site "Budapest HUN"]
[Date "2024.09.14"]
[Round "4.11"]
[Board "2"]
[White "Tabatabaei, M. Amin"]
[Black "Andersen, Mads"]
[Result "1/2-1/2"]
[WhiteElo "2714"]
[BlackElo "2598"]
[PlyCount "135"]
[EventDate "2024.09.11"]
[WhiteTeam "Iran"]
[BlackTeam "Denmark"]
[WhiteTeamCountry "IRI"]
[BlackTeamCountry "DEN"]

1. d4 Nf6 2. Nf3 e6 3. e3 c5 4. c4 d5 5. cxd5 exd5 6. Bb5+ Bd7 7. Bxd7+ Nbxd7 8. dxc5 Nxc5 9. O-O Be7 10. Nc3 O-O 11. b3 Qd7 12. Bb2 Rfd8 13. Rc1 Rac8 14. Qe2 Nfe4 15. Rfd1 Nxc3 $146 ({RR} 15... Qf5 16. Nd4 Qg5 17. Nf3 Qf5 18. Nb5 a6 19. Nbd4 Qh5 20. Ne1 Qxe2 21. Nxe2 Bf6 22. Ba3 Be7 23. Nf4 Nf6 24. Rc2 g5 25. Ne2 Rc7 26. Nd4 Rdc8 27. Nef3 h6 28. Nf5 Bf8 29. Rdc1 Nfe4 30. N3d4 {1-0 Urday Caceres,H (2480)-Vazquez Igarza,R (2380) Palma de Mallorca op 1991}) 16. Bxc3 Ne4 17. Bd4 Bf6 18. Qb2 Rxc1 19. Rxc1 Rc8 20. Bxf6 Nxf6 21. Nd4 a6 22. h3 h5 23. Rd1 g6 24. Ne2 Qf5 25. Nd4 Qd7 26. a4 Qc7 27. b4 Qc3 28. Rb1 Qxb2 29. Rxb2 Rc1+ 30. Kh2 Ne4 31. h4 b6 32. a5 bxa5 33. bxa5 Rc5 34. f3 Nd6 35. Rb6 Nc4 36. Nb3 Nxb6 37. Nxc5 Nc4 38. Nxa6 Nxa5 39. Nb4 Nc4 40. Nxd5 Ne5 41. Kg3 Nd3 42. Nf4 Ne5 43. e4 Kg7 44. Kf2 Kf6 45. Ke3 Nc6 46. Nd3 Ke6 47. Kf4 Kf6 48. e5+ Kg7 49. Nc5 Ne7 50. Kg5 Nc6 51. Kf4 Ne7 52. g4 Nd5+ 53. Ke4 Nc3+ 54. Kd4 hxg4 55. fxg4 Ne2+ 56. Ke3 Nc3 57. Nd7 Nd5+ 58. Kf3 Nc7 59. Nf6 Ne6 60. Ke4 Kf8 61. Nd5 Nc5+ 62. Ke3 Kg7 63. Nc7 Kf8 64. Nd5 Kg7 65. Kd4 Ne6+ 66. Kc4 Kf8 67. Kd3 Nc5+ 68. Ke3 1/2-1/2

[Event "45th Olympiad 2024"]
[Site "Budapest HUN"]
[Date "2024.09.14"]
[Round "4.11"]
[Board "3"]
[White "Thybo, Jesper Sondergaard"]
[Black "Daneshvar, Bardiya"]
[Result "0-1"]
[WhiteElo "2555"]
[BlackElo "2598"]
[PlyCount "108"]
[EventDate "2024.09.11"]
[WhiteTeam "Denmark"]
[BlackTeam "Iran"]
[WhiteTeamCountry "DEN"]
[BlackTeamCountry "IRI"]

1. d4 Nf6 2. c4 g6 3. Nc3 Bg7 4. e4 d6 5. Be2 O-O 6. Nf3 e5 7. O-O h6 8. dxe5 dxe5 9. Qxd8 Rxd8 10. Nxe5 Nxe4 11. Nxe4 Bxe5 12. Bxh6 Bxb2 13. Rab1 Bg7 14. Bxg7 Kxg7 15. Bf3 $146 ({RR} 15. Nc5) 15... Nd7 16. Rfd1 Re8 17. Nc3 c6 18. Ne4 Ne5 19. Nd6 Nxf3+ 20. gxf3 Re7 21. c5 Be6 22. a4 Bd5 23. a5 Bxf3 24. Re1 Rd7 25. Rxb7 Rxb7 26. Nxb7 a6 27. Kf1 Rh8 28. Re3 Bd5 29. h3 Rb8 30. Re7 Kf6 31. Rc7 Ke5 32. Ke2 Kd4 33. Re7 Rh8 34. Re3 Be6 35. Rd3+ Kc4 36. Rf3 f5 37. Kd2 Rb8 38. Rc3+ Kb4 39. Nd6 Kxa5 40. Rg3 Rb2+ 41. Ke1 Kb4 42. Rxg6 Bb3 43. Nxf5 Kxc5 44. Ne7 Ba4 45. h4 Bb5 46. Kd1 a5 47. Kc1 Rxf2 48. h5 a4 49. h6 a3 50. h7 Rh2 51. Rg5+ Kb4 52. Rg4+ Kc3 53. Kb1 Bd3+ 54. Ka1 Kb3 0-1

[Event "45th Olympiad 2024"]
[Site "Budapest HUN"]
[Date "2024.09.14"]
[Round "4.11"]
[Board "4"]
[White "Idani, Pouya"]
[Black "Olsen, Filip Boe"]
[Result "1-0"]
[WhiteElo "2599"]
[BlackElo "2441"]
[PlyCount "77"]
[EventDate "2024.09.11"]
[WhiteTeam "Iran"]
[BlackTeam "Denmark"]
[WhiteTeamCountry "IRI"]
[BlackTeamCountry "DEN"]

1. e4 c6 2. d4 d5 3. e5 c5 4. Nf3 Bg4 5. dxc5 Nc6 6. c3 e6 7. Be3 a6 8. Nbd2 Nxe5 9. b4 Be7 ({RR} 9... Nxf3+ 10. Nxf3 Bxf3 11. Qxf3 Be7 12. Bd3 Bf6 13. Rc1 Ne7 14. O-O Nc6 15. Qg3 h5 16. Rfd1 h4 17. Qh3 Qc7 18. a3 Rd8 19. c4 dxc4 20. Bxc4 O-O 21. Qf3 Ne5 22. Qf4 Rxd1+ 23. Rxd1 Rd8 24. Rxd8+ {½-½ Cesar Maestre,B (2353)-Olsen,F (2431) TCh-ESP 2nd Div 2024 (5.6)}) 10. Be2 Nc6 11. a4 $146 ({RR} 11. O-O Bf6 12. Nd4 Bxe2 13. Qxe2 Nge7 14. f4 O-O 15. N2f3 Re8 16. a4 Qc7 17. Qf2 Nf5 18. Nxf5 exf5 19. Bd4 Nxd4 20. Nxd4 g6 21. Rae1 Re4 22. Rxe4 dxe4 23. Qe3 Rd8 24. g4 fxg4 25. Qxe4 Bxd4+ {1-0 Ribeiro,O (2001)-Ryabukhin,R (2154) 3rd Leca Chess Open 2024 (9.25)}) 11... Bf6 12. Rc1 Nge7 13. b5 axb5 14. axb5 Bxf3 15. Nxf3 Ne5 16. O-O O-O 17. Nxe5 Bxe5 18. Bd3 g6 19. Qb3 Qc7 20. g3 Nf5 21. Bxf5 gxf5 22. Bd4 Bg7 23. Rfd1 Rfc8 24. c6 bxc6 25. b6 Qb7 26. Bxg7 Kxg7 27. c4 Rcb8 28. c5 Qe7 29. Rd4 Qf6 30. Ra4 e5 31. Rca1 Rxa4 32. Rxa4 e4 33. Qe3 Rd8 34. Qf4 d4 35. b7 d3 36. Ra2 Qd4 37. Qg5+ Kf8 38. Qxd8+ Qxd8 39. Ra8 1-0

[Event "45th Olympiad 2024"]
[Site "Budapest HUN"]
[Date "2024.09.14"]
[Round "4.12"]
[Board "1"]
[White "Neiksans, Arturs"]
[Black "Gurel, Ediz"]
[Result "0-1"]
[WhiteElo "2571"]
[BlackElo "2602"]
[PlyCount "58"]
[EventDate "2024.09.11"]
[WhiteTeam "Latvia"]
[BlackTeam "Turkiye"]
[WhiteTeamCountry "LAT"]

1. d4 Nf6 2. c4 e6 3. Nf3 d5 4. e3 Be7 5. b3 O-O 6. Bb2 b6 7. Nbd2 Bb7 8. Bd3 Nbd7 9. O-O c5 10. Rc1 Rc8 11. Qe2 Rc7 ({RR} 11... cxd4 12. Nxd4 dxc4 13. Nxc4 Rc5 14. Rfd1 Qa8 15. f3 Re8 16. Ba3 Rxc4 17. Rxc4 Bxa3 18. Nb5 Bd5 19. Ra4 Bc5 20. Nc7 Qb8 21. Nxe8 Nxe8 22. Bb5 Ndf6 23. Kh1 g6 24. e4 Bb7 25. b4 Bd6 26. g3 {1-0 Nakamura,H (2785)-Karjakin,S (2781) Paris GCT Blitz 2017 (9)}) ({RR} 11... Ne4 12. cxd5 exd5 13. Ba6 {½-½ Ratkovic,P (2094)-Sredojevic,I (2265) GM/IM Fantastico mix 8 2024 (6.14)}) 12. a3 Qa8 13. cxd5 Nxd5 14. Ne5 $146 ({RR} 14. b4 cxb4 15. Rxc7 Nxc7 16. axb4 Nd5 17. b5 Rc8 18. Bc4 Nb4 19. Ba3 Bd5 20. Rb1 Bxc4 21. Nxc4 Nd5 22. Bb2 a5 23. Nfe5 Nxe5 24. Nxe5 Bd6 25. Nc4 Qb8 26. g3 Bb4 27. e4 Qc7 28. Nxa5 Bxa5 {½-½ Ganaus,H (2315)-Schroll,G (2415) Niederoesterreich Landesliga 1011 2010 (7)}) 14... N5f6 15. f3 Rfc8 16. Nxd7 Nxd7 17. dxc5 Nxc5 18. Bc4 Bd5 19. Rfd1 h6 20. b4 Bxc4 21. Rxc4 Na4 22. Bd4 Rxc4 23. Nxc4 Qd5 24. Ne5 Qb3 25. Qd3 Nc3 26. Rd2 Qxa3 27. Rc2 Bxb4 28. Nc4 Qa1+ 29. Kf2 Qa6 0-1

[Event "45th Olympiad 2024"]
[Site "Budapest HUN"]
[Date "2024.09.14"]
[Round "4.12"]
[Board "2"]
[White "Erdogmus, Yagiz Kaan"]
[Black "Meshkovs, Nikita"]
[Result "1-0"]
[WhiteElo "2592"]
[BlackElo "2534"]
[PlyCount "83"]
[EventDate "2024.09.11"]
[WhiteTeam "Turkiye"]
[BlackTeam "Latvia"]
[BlackTeamCountry "LAT"]

1. c4 e6 2. Nc3 d5 3. d4 Nf6 4. cxd5 exd5 5. Bg5 c6 6. e3 Be6 7. Bd3 Nbd7 8. Nge2 h6 9. Bf4 g5 10. Bg3 Nh5 11. O-O ({RR} 11. Qc2 Nxg3 12. Nxg3 h5 13. Nf5 h4 14. O-O-O Qc7 15. Kb1 O-O-O 16. g3 Kb8 17. Qe2 Nf6 18. g4 h3 19. f3 Re8 20. Rc1 Bb4 21. a3 Bxc3 22. Rxc3 Bxf5 23. Bxf5 Re7 24. Rg1 Ne8 25. e4 f6 {½-½ Karjakin,S (2783)-Meier,G (2630) chess.com Speed 1m+1spm 2017 blitz (1.24)}) 11... Nxg3 12. Nxg3 h5 ({RR} 12... Nf6 13. f3 h5 14. Nf5 Qd7 15. Qc2 g4 16. f4 h4 17. Rac1 Rh5 18. Nxh4 Rxh4 19. f5 Bd6 20. g3 Rh3 21. fxe6 Qxe6 22. Qf2 Rh6 23. e4 dxe4 24. Nxe4 Be7 25. Rce1 O-O-O 26. Ng5 Qd5 27. Re5 {0-1 Vogrin,A (1761)-Mihaljevic,E (2034) Ljubljana Open 2024 (3.34)}) 13. e4 Qf6 $146 ({RR} 13... dxe4 14. Ngxe4 Qe7 15. Qd2 Bh6 16. Rad1 O-O-O 17. b4 Nb6 18. b5 Rxd4 19. bxc6 Rhd8 20. cxb7+ Kxb7 21. Qe2 g4 22. Nb5 R4d7 23. Qc2 Bf8 24. a4 a5 25. Rfe1 Nd5 26. Nec3 Nb4 27. Be4+ Kb6 28. Qe2 {0-1 Adamovics,A (2015)-Slagboom,L (2304) 59th Groningen Open 2023 (6.18)}) 14. exd5 cxd5 15. Rc1 Bd6 16. Qc2 Bf4 17. Rce1 Kf8 18. Nf5 Rd8 19. g3 Bb8 20. Nd1 Bxf5 21. Bxf5 Nb6 22. Qd3 Nc4 23. Ne3 Kg7 24. Bh3 Qg6 25. Nf5+ Kh7 26. Qd1 g4 27. Ne7 Qg5 28. f4 Qf6 29. Bg2 Nb6 30. Qd3+ Kg7 31. Nf5+ Kg8 32. Re2 Bd6 33. Rfe1 Qg6 34. Re7 h4 35. R7e6 Qxe6 36. Rxe6 fxe6 37. Nxd6 Rxd6 38. Qg6+ Kf8 39. Qf6+ Kg8 40. f5 hxg3 41. Qg6+ Kf8 42. fxe6 1-0

[Event "45th Olympiad 2024"]
[Site "Budapest HUN"]
[Date "2024.09.14"]
[Round "4.12"]
[Board "3"]
[White "Kantans, Toms"]
[Black "Sanal, Vahap"]
[Result "1/2-1/2"]
[WhiteElo "2486"]
[BlackElo "2581"]
[PlyCount "148"]
[EventDate "2024.09.11"]
[WhiteTeam "Latvia"]
[BlackTeam "Turkiye"]
[WhiteTeamCountry "LAT"]

1. e4 d6 2. d4 Nf6 3. Nc3 e5 4. Nf3 Nbd7 5. Bc4 Be7 6. O-O O-O 7. Re1 c6 8. a4 h6 9. h3 Re8 10. a5 Rb8 11. Be3 b5 12. axb6 axb6 13. d5 Bb7 14. Ra7 b5 15. Rxb7 Rxb7 16. dxc6 bxc4 17. cxb7 Qc7 18. Nd2 Rb8 $146 ({RR} 18... Qxb7 19. Nxc4 Qb4 20. Qd3 d5 21. exd5 e4 22. Qe2 Rc8 23. Nd2 Qxb2 24. Ncxe4 Rxc2 25. d6 Bf8 26. Qd3 Rc1 27. Rxc1 Qxc1+ 28. Kh2 Qc6 29. Nxf6+ {½-½ Hamblok,R (2320)-Hopman,P (2335) Wachtebeke 2017 (2)}) 19. Qa1 Rxb7 20. Rb1 Rb4 21. Qa3 Qb7 22. f3 Bf8 23. Qa7 Qc6 24. Qa5 Rb8 25. Qa4 Qxa4 26. Nxa4 d5 27. exd5 Nxd5 28. Nxc4 Rb4 29. b3 Rxc4 30. bxc4 Nxe3 31. Rb7 Nc5 32. Nxc5 Bxc5 33. Rb5 Bd4 34. c5 Nxc2+ 35. Kh1 Kf8 36. c6 Ke7 37. Rd5 Bb6 38. c7 Bxc7 39. Rc5 Nd4 40. Rxc7+ Kf6 41. h4 h5 42. Kg1 g6 43. Kf2 Nf5 44. g3 Ke6 45. Ra7 Kf6 46. Ra6+ Ke7 47. Ra1 Kf6 48. Rh1 Nh6 49. Ke2 Nf5 50. Rh3 Nh6 51. Kd3 Ke6 52. Rh2 Kd5 53. Ra2 Nf5 54. Ra5+ Ke6 55. Ra6+ Kd5 56. Rf6 Nxg3 57. Rxf7 Nf5 58. Ra7 Nxh4 59. Ra5+ Ke6 60. Ke4 Kf6 61. Ra6+ Kg5 62. Rb6 Nf5 63. Kxe5 h4 64. f4+ Kh5 65. Ke4 h3 66. Kf3 Nd4+ 67. Kf2 Nf5 68. Kg1 Nh4 69. Rf6 Kg4 70. Kh2 Nf3+ 71. Kh1 Nh4 72. Rf8 Ng2 73. f5 gxf5 74. Kh2 Nf4 1/2-1/2

[Event "45th Olympiad 2024"]
[Site "Budapest HUN"]
[Date "2024.09.14"]
[Round "4.12"]
[Board "4"]
[White "Can, Emre"]
[Black "Starostits, Ilmars"]
[Result "0-1"]
[WhiteElo "2547"]
[BlackElo "2344"]
[PlyCount "70"]
[EventDate "2024.09.11"]
[WhiteTeam "Turkiye"]
[BlackTeam "Latvia"]
[BlackTeamCountry "LAT"]

1. d4 d5 2. c4 c6 3. Nf3 Nf6 4. e3 Bf5 5. Nc3 e6 6. Nh4 Bg6 7. Bd2 Nbd7 8. Nxg6 hxg6 9. Qb3 Qc7 10. g3 Be7 11. Bg2 Nb6 12. cxd5 exd5 13. O-O Nc4 14. Be1 ({RR} 14. Rad1 Qb6 15. Na4 Qxb3 16. axb3 Nxd2 17. Rxd2 g5 18. Ra1 O-O-O 19. Nc3 Kb8 20. h3 Bb4 21. Rc2 Ne8 22. Bf1 f5 23. Kg2 Nf6 24. Bd3 g6 25. Rh1 Rdf8 26. Ne2 Rf7 27. Rcc1 Bd6 28. g4 Ne8 {½-½ Mchedlishvili,M (2656)-Malakhov,V (2712) TUR-chT Konya 2012 (8)}) 14... Nd6 15. f3 Nf5 $146 ({RR} 15... Qd7 16. Bf2 g5 17. g4 Nc4 18. Qc2 Bd6 19. h3 Qc7 20. b3 Nb6 21. Qf5 Nh7 22. Rac1 O-O 23. Qd3 Bg3 24. Bxg3 Qxg3 25. Ne2 Qd6 26. f4 Rfe8 27. Ng3 g6 28. e4 gxf4 29. e5 Qa3 30. Ne2 {½-½ Petkov,V (2434)-Moradiabadi,E (2506) FRA-chT1A 0708 2007 (7.1)}) 16. Bf2 O-O-O 17. Rfd1 Bd6 18. Nb5 Qb6 19. Nxd6+ Nxd6 20. Qc2 Rde8 21. Rd3 Qc7 22. Rc1 g5 23. g4 Nde4 24. fxe4 Qxh2+ 25. Kf1 Nxe4 26. Ra3 Rh6 27. Bxe4 Rxe4 28. Ke1 Qg2 29. Qe2 Rxg4 30. Kd1 Qe4 31. Kd2 Rh2 32. Rf1 Rgg2 33. Rxa7 Qf5 34. Ra8+ Kd7 35. Rf8 Rxf2 0-1

[Event "45th Olympiad 2024"]
[Site "Budapest HUN"]
[Date "2024.09.14"]
[Round "4.13"]
[Board "1"]
[White "Rodrigue-Lemieux, Shawn"]
[Black "Theodorou, Nikolas"]
[Result "1/2-1/2"]
[WhiteElo "2509"]
[BlackElo "2619"]
[PlyCount "114"]
[EventDate "2024.09.11"]
[WhiteTeam "Canada"]
[BlackTeam "Greece"]
[WhiteTeamCountry "CAN"]
[BlackTeamCountry "GRE"]

1. e4 c5 2. Nf3 Nc6 3. Bb5 Nf6 4. Nc3 g6 5. O-O Bg7 6. Re1 O-O 7. e5 Ne8 8. Bxc6 dxc6 9. d3 Nc7 10. Ne4 ({RR} 10. Bf4 Bg4 11. h3 Bxf3 12. Qxf3 Ne6 13. Bh2 Nd4 14. Qd1 b6 15. Ne2 Ne6 16. Nf4 Qc8 17. Nxe6 Qxe6 18. Re4 f5 19. exf6 Qxf6 20. Qe2 Qxb2 21. Re1 Qxa2 22. Rxe7 Rf7 23. Re8+ Rxe8 24. Qxe8+ Rf8 {0-1 Guidarelli,L (2422)-Tregubov,P (2635) Corsica Masters op rapid 2003 (2)}) ({RR} 10. Bf4 Bg4 11. h3 Bxf3 12. Qxf3 Ne6 13. Bg3 Qb6 14. b3 Rad8 15. Ne4 Rd5 16. Nd2 Qb4 17. Qd1 Rfd8 18. a4 Qc3 19. Ne4 Qd4 20. a5 b5 21. axb6 axb6 22. Ra4 Qb2 23. f4 Nd4 24. Rc4 Ra8 {1-0 Kujawski,A (2111)-Cahaya,S (2184) Titled Tue 2nd Apr Late 2024 (1)}) 10... b6 11. h3 f5 $146 ({RR} 11... Be6 12. Bf4 Qd7 13. Qd2 Rfe8 14. Bh6 Bf8 15. Qf4 Bd5 16. Qh4 Ne6 17. Bd2 Bg7 18. Nfg5 Nf8 19. Bc3 h6 20. Nf3 Qf5 21. Ng3 Qe6 22. Nd2 g5 23. Qg4 Qxg4 24. hxg4 Ng6 25. Nf5 Bf8 26. f3 {1-0 Mohrlok,D-Kestler,H GER-ch49 (FRG-07) 1967 (2)}) ({RR} 11... Nd5 12. b3 Bf5 13. Bb2 Qc7 14. Qd2 Rad8 15. a3 h6 16. c4 Qd7 17. cxd5 Qxd5 18. b4 Qb3 19. d4 Qd5 20. Qe3 cxd4 21. Bxd4 f6 22. exf6 exf6 23. Ng3 Bd7 24. Rad1 Qc4 25. Qc3 Qf7 26. Rd3 {1-0 Nalesny,I-Shvedov,S (2331) Novgorod op 1999 (3)}) 12. Nc3 Ne6 13. a4 a5 14. Ne2 f4 15. d4 Ba6 16. c3 Qd5 17. b3 c4 18. bxc4 Bxc4 19. Ba3 Rf7 20. Nc1 Raf8 21. Rb1 b5 22. Nb3 Ra8 23. Qc2 Qd7 24. Nbd2 Bd5 25. Qb2 Nc7 26. Bc5 Rff8 27. Qc2 Ne6 28. Ba3 Rfb8 29. Rb2 Rb7 30. Reb1 Rab8 31. Qd3 Bf8 32. Kh2 Ng7 33. Nb3 Ne6 34. axb5 cxb5 35. Nxa5 Ra7 36. Bb4 Rba8 37. Nb3 Ra2 38. Nc5 Qc6 39. Nxe6 Bxe6 40. Qd2 Qe4 41. Re1 Qf5 42. Re2 Rxb2 43. Qxb2 Qh5 44. Qd2 g5 45. d5 Bxh3 46. gxh3 Qxf3 47. d6 h5 48. dxe7 Bxe7 49. Bxe7 g4 50. Re1 Kh7 51. Bf6 Rg8 52. Qd7+ Kh6 53. Bg5+ Rxg5 54. Qd6+ Kh7 55. Qd7+ Kh6 56. Qd6+ Kh7 57. Qd7+ Kh6 1/2-1/2

[Event "45th Olympiad 2024"]
[Site "Budapest HUN"]
[Date "2024.09.14"]
[Round "4.13"]
[Board "2"]
[White "Kourkoulos-Arditis, Stamatis"]
[Black "Thavandiran, Shiyam"]
[Result "1/2-1/2"]
[WhiteElo "2570"]
[BlackElo "2388"]
[PlyCount "133"]
[EventDate "2024.09.11"]
[WhiteTeam "Greece"]
[BlackTeam "Canada"]
[WhiteTeamCountry "GRE"]
[BlackTeamCountry "CAN"]

1. e4 e6 2. d4 d5 3. e5 c5 4. c3 Nc6 5. Nf3 Bd7 6. Be2 Nge7 7. O-O Nf5 8. dxc5 Bxc5 9. b4 Bb6 10. Bd3 O-O 11. Re1 ({RR} 11. a4 a6 12. Nbd2 Nh4 13. Nxh4 Qxh4 14. Nf3 Qh5 15. Bf4 f6 16. exf6 Rxf6 17. Bg3 Raf8 18. b5 axb5 19. axb5 Na5 20. Ra4 h6 21. Rh4 Qe8 22. Be5 Rxf3 23. gxf3 Bd8 24. Rg4 Bf6 25. Re1 Bxb5 {1-0 Nepomniachtchi,I (2770)-Abdusattorov,N (2769) chess.com SpeedChess 2024 (1.9)}) 11... Nce7 12. a4 $146 ({RR} 12. Nbd2 f6 13. exf6 gxf6 14. c4 e5 15. cxd5 Nxd5 16. Ne4 Kh8 17. Bb2 Ng7 18. Qb3 Nf4 19. Bc4 Qe8 20. Nd6 Qh5 21. Re4 Qg4 22. Rxf4 Qxf4 23. Bc1 Qg4 24. h3 Qg3 25. Be3 Bxe3 26. Qxe3 Qg6 {0-1 Gueci,T (2228)-Thavandiran,S (2387) 57th Biel Master Open 2024 (6.31)}) 12... Rc8 13. a5 Bc7 14. Nbd2 f6 15. exf6 gxf6 16. c4 Nd6 17. Qb3 Qe8 18. cxd5 Nxd5 19. Nf1 Bb8 20. Bd2 a6 21. Ng3 Qf7 22. Rad1 Rfd8 23. h3 Ba7 24. Ne4 Nb5 25. Bb1 Kh8 26. Nc5 Rg8 27. Re4 Bxc5 28. bxc5 Rxc5 29. Rh4 Rg7 30. Bh6 Rg6 31. Bxg6 Qxg6 32. Qd3 Qxd3 33. Rxd3 Nd6 34. Rg4 Nf5 35. Bf8 Rxa5 36. Rd1 h5 37. Rc4 Kg8 38. Bc5 Bb5 39. Re4 Kf7 40. Ree1 Bc6 41. Be3 Ra3 42. Bd2 a5 43. Ra1 Rxa1 44. Rxa1 a4 45. g4 hxg4 46. hxg4 Nd6 47. Nd4 Bd7 48. Nc2 Nc4 49. Be1 b5 50. f3 e5 51. Kf2 Ke6 52. Nb4 Nf4 53. Bc3 Nh3+ 54. Kg3 Nf4 55. Kf2 Nd5 56. Nxd5 Kxd5 57. Rd1+ Kc6 58. Bb4 e4 59. fxe4 Bxg4 60. Rf1 Bh3 61. Rh1 Be6 62. Ke2 f5 63. Rh6 Kd7 64. Rh7+ Kc6 65. Rh6 Kd7 66. Rh7+ Kc6 67. Rh6 1/2-1/2

[Event "45th Olympiad 2024"]
[Site "Budapest HUN"]
[Date "2024.09.14"]
[Round "4.13"]
[Board "3"]
[White "Preotu, Razvan"]
[Black "Papaioannou, Ioannis"]
[Result "1/2-1/2"]
[WhiteElo "2451"]
[BlackElo "2615"]
[PlyCount "89"]
[EventDate "2024.09.11"]
[WhiteTeam "Canada"]
[BlackTeam "Greece"]
[WhiteTeamCountry "CAN"]
[BlackTeamCountry "GRE"]

1. Nf3 d5 2. g3 c6 3. Bg2 Bg4 4. O-O Nd7 5. h3 Bh5 6. d4 e6 7. c4 Bd6 8. Qb3 Rb8 9. Nc3 Ngf6 10. cxd5 ({RR} 10. Nd2 Bg6 11. e4 dxe4 12. Ndxe4 Nxe4 13. Bxe4 Nf6 14. Bg2 O-O 15. Be3 Qa5 16. d5 exd5 17. cxd5 Be5 18. Rad1 Rfc8 19. Bd4 Bxd4 20. Rxd4 c5 21. Ra4 Qd8 22. Rxa7 b5 23. a3 Qb6 24. Re7 b4 {0-1 Isik,A (2472)-Shevchenko,K (2672) TCh-TUR Super League 2024 (12.14)}) 10... exd5 $146 ({RR} 10... Nxd5 11. e4 Nxc3 12. bxc3 O-O 13. Be3 Qc7 14. Nd2 Be2 15. Rfe1 Ba6 16. Nc4 Bxc4 17. Qxc4 c5 18. Rab1 cxd4 19. Qxc7 Bxc7 20. cxd4 Bb6 21. e5 Rfd8 22. a4 Nf8 23. Red1 Rd7 24. Rb5 Rbd8 25. a5 {1-0 Oparin,G (2597)-Kozionov,K (2440) RUS-ch Higher League 69th 2016 (2)}) 11. Nh4 O-O 12. f4 Ne4 13. Nxe4 dxe4 14. Nf5 Bc7 15. g4 Bg6 16. Ng3 Qh4 17. Nxe4 Bxe4 18. Bxe4 Rfe8 19. Qf3 Bb6 20. e3 c5 21. d5 c4 22. Bc2 Nc5 23. Kg2 Nd3 24. Bxd3 cxd3 25. Bd2 Rbc8 26. Rac1 Rxc1 27. Rxc1 Qf6 28. Bc3 Qg6 29. Re1 f5 30. Qg3 Qf7 31. Kh2 fxg4 32. e4 Bc7 33. Bd2 gxh3 34. Kxh3 Rf8 35. Kg4 Qf6 36. Rf1 Re8 37. Qxd3 Qg6+ 38. Kf3 h5 39. d6 Bb6 40. Qd5+ Re6 41. e5 Qg4+ 42. Ke4 Qe2+ 43. Kf5 Qg4+ 44. Ke4 Qe2+ 45. Kf5 1/2-1/2

[Event "45th Olympiad 2024"]
[Site "Budapest HUN"]
[Date "2024.09.14"]
[Round "4.13"]
[Board "4"]
[White "Kelires, Andreas"]
[Black "Noritsyn, Nikolay"]
[Result "0-1"]
[WhiteElo "2536"]
[BlackElo "2451"]
[PlyCount "104"]
[EventDate "2024.09.11"]
[WhiteTeam "Greece"]
[BlackTeam "Canada"]
[WhiteTeamCountry "GRE"]
[BlackTeamCountry "CAN"]

1. Nf3 d5 2. g3 b6 3. Bg2 Bb7 4. O-O Nf6 5. d3 e6 6. Re1 ({RR} 6. Nc3 Be7 7. e4 dxe4 8. Ng5 Qd7 9. Ngxe4 Nxe4 10. dxe4 Qc6 11. Ne2 O-O 12. Nf4 Qd7 13. Be3 Rd8 14. Qe2 Nc6 15. Rfd1 Qe8 16. e5 Na5 {½-½ Speelman,J (2615)-Van der Wiel,J (2545) OHRA-A Amsterdam 1989}) 6... Bc5 $146 ({RR} 6... Nbd7 7. Nfd2 e5 8. e4 d4 9. Nc4 Be7 10. Bg5 c5 11. a4 O-O 12. Bd2 a6 13. Rf1 b5 14. Na5 Qc7 15. Nxb7 Qxb7 16. b3 Rac8 17. f4 c4 18. f5 {½-½ Al Khateeb,M-Abdulaziz,A Arab-ch U18 Girls 2007 (7)}) ({RR} 6... Bd6 7. e4 dxe4 8. dxe4 Bxe4 9. Rxe4 Nxe4 10. Nd4 f5 11. Nxe6 Qe7 12. Qd5 c6 13. Qxf5 Nf6 14. Nc3 g6 15. Qh3 Kf7 16. Ng5+ Kg7 17. Bd2 Qd7 18. Ne6+ Kf7 19. Re1 Re8 20. Ng5+ Kg7 21. Qxd7+ {1-0 Maugenest,T (1689)-Hoholis,G World Corporate East C rapid 2021 (1.19)}) ({RR} 6... Be7 7. b3 O-O 8. Bb2 Nbd7 9. Nbd2 c5 10. c4 Qc7 11. e4 dxe4 12. dxe4 e5 13. Qc2 Bd6 14. Nb1 Nb8 15. Nc3 Nc6 16. Rad1 Nd4 17. Nxd4 cxd4 18. Nb5 Qe7 19. Nxd6 Qxd6 20. Bxd4 Qc7 21. Bc3 {1-0 Kozul,Z (2593)-Ali,A (2130) Olympiad-38 Dresden 2008 (3)}) 7. d4 Be7 8. c4 c6 9. Nc3 Nbd7 10. Bf4 Nh5 11. Bd2 Nhf6 12. Qb3 O-O 13. cxd5 cxd5 14. Rec1 a6 15. a4 Ne4 16. Be1 Nd6 17. e3 Rc8 18. Bf1 Rc7 19. Na2 Nc4 20. Nd2 Nf6 21. Rab1 Qd7 22. Qd1 Rfc8 23. Nf3 Ne4 24. b3 Na5 25. Ne5 Qd8 26. Rxc7 Rxc7 27. Rc1 Bd6 28. Rxc7 Qxc7 29. Nf3 h5 30. Bd3 g6 31. Qb1 Be7 32. Ne5 Bd6 33. b4 Nc6 34. Nf3 Ne7 35. Nd2 Nxd2 36. Bxd2 h4 37. Be1 e5 38. Nc3 Qd7 39. Qb3 exd4 40. exd4 Qg4 41. b5 a5 42. Bf1 Qxd4 43. Bg2 Bb4 44. Qc2 Qc4 45. Bd2 Nf5 46. Qc1 Nd4 47. Qe1 Ne6 48. Qe5 Qd4 49. Qe1 Qd3 50. Bf1 Qf5 51. Ne2 d4 52. Bxb4 axb4 0-1

[Event "45th Olympiad 2024"]
[Site "Budapest HUN"]
[Date "2024.09.14"]
[Round "4.14"]
[Board "1"]
[White "Giri, Anish"]
[Black "Romanov, Evgeny"]
[Result "1-0"]
[WhiteElo "2724"]
[BlackElo "2567"]
[PlyCount "59"]
[EventDate "2024.09.11"]
[WhiteTeam "Netherlands"]
[BlackTeam "North Macedonia"]
[WhiteTeamCountry "NED"]

1. e4 {ChessBase} c5 2. Nf3 Nc6 3. d4 cxd4 4. Nxd4 Nf6 5. Nc3 d6 6. Bg5 e6 7. Qd2 a6 8. O-O-O Bd7 9. f3 Rc8 ({RR} 9... b5 10. h4 h5 11. Kb1 Be7 12. Nxc6 Bxc6 13. Ne2) ({RR} 9... Nxd4 10. Qxd4 Be7 11. g4 Bc6 12. Be3 O-O 13. Qd2) 10. Kb1 Be7 11. Nxc6 ({RR} 11. g4 O-O 12. Be3 Nxd4 13. Bxd4 ({RR} 13. Qxd4 Bc6 14. g5 Nd7 15. f4) 13... b5 14. g5 Ne8 15. h4 Nc7 16. Ne2 Rb8 17. Ng3 Re8 18. f4 Bf8 19. f5 d5 20. g6 ({RR} 20. f6 e5 21. fxg7 Bxg7 22. Bc5) 20... fxg6 21. fxg6 e5 22. gxh7+ Kh8 23. Bf2 Be6 24. Qa5 Qd7 25. Bd3 d4 {½-½ Karpov,A (2705)-Hort,V (2600) Montreal International 1979 (6)}) 11... Bxc6 12. h4 h6 13. Be3 d5 $146 ({RR} 13... h5 14. Qf2 b5 15. e5 Nd5 16. Nxd5 Bxd5 17. Bb6 Qd7 18. Bd4 O-O 19. Bd3 dxe5 20. Bxe5 Bd6 21. Rhe1 Rfd8 22. Bd4 Qc6 23. Qd2 Be7 24. Qf4 Kf8 25. Be5 Bd6 26. Qg5 Bxe5 27. Qxe5 Qc5 28. b3 {½-½ Kulaots,K (2525)-Kozul,Z (2610) EU-ch 8th Dresden 2007 (2)}) 14. e5 Nd7 15. f4 Qa5 16. Bd4 b5 17. f5 Nb6 18. Qf2 Rb8 19. Qg3 Rg8 20. fxe6 fxe6 21. Qg6+ Kd7 22. g3 Rge8 23. Bh3 Ba3 24. bxa3 Nc4 25. Ka1 Nxa3 26. Nb1 b4 27. Nxa3 bxa3 28. Rhf1 Rb4 29. Bxe6+ Kd8 30. Bh3 1-0